Départements Limitrophes de L'Indre - Statistiques

Statistiques générales
  • Ce quiz a été pris 42 fois
  • Le résultat moyen est 6 sur 6
Statistiques - réponses
Départements % Correct
Indre-et-Loire
100%
Cher
95%
Loir-et-Cher
92%
Creuse
89%
Haute-Vienne
89%
Vienne
89%
Aucun quiz correspondant
Distribution des résultats
% des personnes avec chaque résultat
Percentile par nombre de réponses
Votre historique - résultats
Vous n’avez pas pris ce quiz